000 00277nam a22001217a 4500
008 171101b xxu||||| |||| 00| 0 eng d
041 _aeng
080 _a339
100 _a59
101 _aTRE
245 _aTHE QUANTUM LEAP IN SPED TO MARKET
_cJOHN.R.C
942 _2udc
_cBK
999 _c37077
_d37077